Cuentos de amor para chicos (de 8 a 13 años) /

Guardado en:
Autor Principal: Garrido de Rodríguez, Neli; coord.
Otros Autores: Irving, Washington., Andersen, Hans Christian., O. Henry., Darío, Rubén., Casona, Alejandro., Ocampo, Victoria., Rodríguez Pintos, Carlos., Mujica Láinez, Manuel., Domínguez, María Alicia., López de Gomara, Susana., Gesumaría, Susana., Durán, Carlos Joaquín., Aguilar, Liliana.
Formato: Libro
Idioma:Undetermined
Publicado: Buenos Aires : Orión, 1992.
Edición:12a ed.
Series:Colección Tobogán / Poldy Bird
Materias:
Etiquetas: Agregar Etiqueta
Sin Etiquetas, Sea el primero en etiquetar este registro!
LEADER 01990nam a22003735a 4500
001 CEM.cems020555
008 231012s1992####ag############000#0#und#d
005 20231012190112.0
245 1 0 |a Cuentos de amor para chicos (de 8 a 13 años) /  |c Selección, prólogo y notas de Neli Garrido de Rodríguez. 
250 |a 12a ed. 
260 |a Buenos Aires :  |b Orión,  |c 1992. 
300 |a 176 p. 
490 1 |a Colección Tobogán / Poldy Bird 
505 0 |a Psique y el amor -- Historia de Jalil b. Abd Allah al-Qasri y el joven ladrón -- Leyenda del príncipe Ahmed al Kamel o el peregrino de amor / Washington Irving -- La Pastorcita y el Deshollinador / Hans Christian Andersen -- El regalo de los reyes magos / O. Henry -- Este es el cuento de la sonrisa de la princesa Diamantina / Rubén Darío -- Lohengrin / Alejandro Casona -- Los tres príncipes / Victoria Ocampo -- La princesa que perdió el color de sus ojos / Carlos Rodríguez Pintos -- La Sirena / Manuel Mujica Láinez -- Antón Dormilón / María Alicia Domínguez -- La gaviota del cielo / Susana López de Gomara -- La creciente / Susana Gesumaría -- Cómo cazar elefantes / Carlos Joaquín Durán -- El guardián / Liliana Aguilar 
020 |a 95055801266 
100 1 |a Garrido de Rodríguez, Neli; coord. 
700 1 |a Irving, Washington. 
700 1 |a Andersen, Hans Christian. 
700 1 |a O. Henry. 
700 1 |a Darío, Rubén. 
700 1 |a Casona, Alejandro. 
700 1 |a Ocampo, Victoria. 
700 1 |a Rodríguez Pintos, Carlos. 
700 1 |a Mujica Láinez, Manuel. 
700 1 |a Domínguez, María Alicia. 
700 1 |a López de Gomara, Susana. 
700 1 |a Gesumaría, Susana. 
700 1 |a Durán, Carlos Joaquín. 
700 1 |a Aguilar, Liliana. 
653 |a Cuentos 
653 |a Literatura infantil y juvenil 
653 |a Antología 
859 |a CEMS  |b BIB. CEMS - Inicial y Primaria  |h 808.8  |i G193  |k IP  |p 2109  |t Ej.1 
859 |a CEMS  |b BIB. CEMS - Inicial y Primaria  |h 808.8  |i G193  |k IP  |p 6370  |t Ej.2